000
00273nam a2200109Ia 4500
008
190216s9999||||xx |||||||||||||| ||und||
100
_a
Venkidachary A G
245
0
_a
Manushyavakashangal
260
_b
Southern Language Book Trust
650
_a
Essay Malayalam
942
_c
BK
999
_c
24993
_d
24993